| 000 | 00726nam a2200241 a 4500 | ||
|---|---|---|---|
| 001 | 000020009 | ||
| 005 | 20200929170228.0 | ||
| 008 | 100712s1972 sp 000 d spa d | ||
| 020 | _a8423915980 | ||
| 040 |
_aDO-SdBNP _bspa _cBNPHU |
||
| 082 |
_a862.64 _bS173p |
||
| 100 | 1 |
_aSalom, Jaime, _d1925- _923753 |
|
| 245 | 1 | 3 |
_aLa playa vacía / _cJaime Salom. |
| 260 |
_aMadrid : _bEspasa-Calpe, _c1972. |
||
| 300 |
_a157 p. ; _c18 cm. |
||
| 490 | 1 |
_aAustral. Violeta: teatro y poesía _v1598 |
|
| 650 | 4 |
_aTeatro español _93071 |
|
| 650 | 4 |
_aLiteratura española _9632 |
|
| 740 | 0 | _aTiempo de espadas | |
| 830 | 0 |
_aAustral. _pVioleta: teatro y poesía; _v1598 _939559 |
|
| 910 | _aCatalogacion por copia /WM | ||
| 049 | _aBNGR | ||
| 999 |
_c19521 _d19521 |
||